| 000 | 00349pam a2200145a 44500 | ||
|---|---|---|---|
| 008 | 230405s2007 xxu||||| |||| 00| 0 eng d | ||
| 041 | _aENG | ||
| 100 | _aAYALA KENNETH | ||
| 245 | _aTHE 8051 MICROCONTROLLER | ||
| 260 |
_aNEW DELHI _bDELMAR CENGAGE LEARNING _c2007 |
||
| 300 | _aP.B,XIX,412 | ||
| 650 | _aE&TC | ||
| 690 | _aE&TC | ||
| 906 | _a2459 | ||
| 999 |
_c816654 _d816654 |
||